000
00269nam a2200109Ia 4500
008
190914s9999||||xx |||||||||||||| ||und||
100
_a
Prof.M.Saeed Nasir
245
2
_a
A Text Book of Economics
260
_a
Karachi
_b
Imtiaz book
_c
2000
300
_a
1156
942
_c
BK
999
_c
8910
_d
8910